Quick Pick: TV Networks Quiz Stats

 Plays Quiz Updated Jul 8, 2016

Challenge
Share
Tweet
Embed
Score 0/12 Timer 01:00
1 Play Today
% Correct
Office
87.7%
News
82.7%
Shopping
82%
Movie
79.7%
Game
78.3%
Arts
76.9%
Video
74.2%
Business
71.1%
Sports
68.4%
Turner
68.2%
American
63.2%
British
57.8%

Today's Daily Dose

You're not logged in!

Compare scores with friends on all Sporcle quizzes.
OR
Log In

You Might Also Like...

Show Comments

Extras

Top Quizzes Today


Score Distribution

Your Account Isn't Verified!

In order to create a playlist on Sporcle, you need to verify the email address you used during registration. Go to your Sporcle Settings to finish the process.

Report this User

Report this user for behavior that violates our Community Guidelines.

Details: